| 000 | 00502nam a2200157 i 4500 | ||
|---|---|---|---|
| 001 | 83881 | ||
| 003 | ES-MaACL | ||
| 005 | 20230906174916.0 | ||
| 007 | t| | ||
| 008 | 041118s1955 it ||||1| spa d | ||
| 245 | 0 | 3 | _aLa Italia de hoy. |
| 260 |
_a[Roma] : _bPresidencia del Consejo de Ministros (República Italiana), _c1955. |
||
| 300 |
_aVIII, 252 p., 19 lám. : _bil. ; _c24 cm. |
||
| 710 | 2 |
_aPresidencia del Consejo de Ministros (República Italiana) _96253 |
|
| 852 |
_aES-MaACL _jC-10892 _bR.39196 |
||
| 999 |
_c83881 _d83881 |
||